Denné a nočné motýle Praktická príručka na určovanie európskych denných a nočných motýľov

Podrobná bibliografia
Hlavný autor: Hofmann, Helga (Autor)
Ďalší autori: Šustek, Zbyšek, 1953-2024 (Prekladateľ)
Médium: Kniha
Jazyk:slovenčina
nemčina
Fyzický popis:158 s. brož. obr.
Vydavateľské údaje: Bratislava Slovart, spol. s r.o. 1996
ISBN:8071452025
Vydanie:1. vyd.
Edícia:Vreckové atlasy
Predmet:

MARC

LEADER 00000nam a2200000 a 4500
001 vtls008738047
003 SK-MaSNL
005 20260310192544.0
008 240314s1996 xo slo
020 |a 8071452025  |q (brož.)  |c 199.00 
035 |a POKPOH33208 
040 |a SNK  |b slo  |c SNK  |e AACR2 
041 1 |a slo  |h ger 
080 |a 595.78  |2 1981 
100 1 |a Hofmann, Helga  |4 aut  |9 44272 
245 1 0 |a Denné a nočné motýle  |b Praktická príručka na určovanie európskych denných a nočných motýľov  |c Helga Hofmann ; [z nemeckého originálu prel. Zbyšek Šustek] 
250 |a 1. vyd. 
260 |a Bratislava  |b Slovart, spol. s r.o.  |c 1996 
300 |a 158 s. brož.  |b  obr. 
490 1 |a Vreckové atlasy 
650 0 7 |a zoológia  |2 POKPOH  |9 699 
650 0 7 |a hmyz  |2 POKPOH  |9 783 
650 0 7 |a motýle  |2 POKPOH  |9 30304 
655 7 |a príručky  |2 POKPOH  |9 74364 
655 7 |a atlasy  |2 POKPOH  |9 70424 
700 1 |a Šustek, Zbyšek,  |d 1953-2024  |4 trl  |9 104153 
830 0 |a Vreckové atlasy  |9 689753 
919 |a 80-7145-202-5 
999 |c 1168036  |d 1169966 
952 |t P60, <09>, [BOOK], {629}  |a SNK  |b SNK  |y NEVYP  |7 0  |o snkD 165  |i snk1681/960509  |0 0  |1 0  |4 0  |d 1996-05-08  |l 0  |r 2005-01-01 00:00:00  |w 2026-02-24 
952 |t P60, <03>, [BOOK], {603}  |a SNK  |b SNK  |y PREZ  |7 0  |p 17A0003726  |o snkSD 67824  |i snkKSP 4257/96  |0 0  |1 0  |4 0  |d 1996-05-08  |l 0  |r 2005-01-01 00:00:00  |w 2026-02-24